[Event "Hrdonov Fontana op"]
[Site "Hrdonov"]
[Date "2012.10.27"]
[Round "9"]
[White "Hrdina, Robin"]
[Black "Charvat, Jiri"]
[Result "1/2-1/2"]
[WhiteElo "2007"]
[BlackElo "1804"]
[PlyCount "51"]
[EventDate "2012.10.20"]
[EventType "swiss"]
[EventRounds "9"]
[EventCountry "CZE"]
[SourceTitle "CBM 151 Extra"]
[Source "ChessBase"]
[SourceDate "2012.12.18"]
[SourceVersion "1"]
[SourceVersionDate "2012.12.18"]
[SourceQuality "1"]

1. e4 e6 2. d4 d5 3. Nd2 Nf6 4. e5 Nfd7 5. Bd3 c5 6. c3 Nc6 7. Ne2 cxd4 8. cxd4 f6 9. exf6 Nxf6 10. 0-0 Bd6 11. Nf3 0-0 12. Bg5 Qb6 13. b3 Bd7 14. Nc3 a6 15. a3 Rac8 16. Na4 Qc7 17. Re1 b5 18. Nb2 e5 19. dxe5 Nxe5 20. Rc1 Nc6 21. Bb1 Bxa3 22. Bxf6 Rxf6 23. Qxd5+ Kh8 24. Re2 Qd6 25. Qxd6 Rxd6 26. Nd3 1/2-1/2

[Event "Hrdonov Fontana op"]
[Site "Hrdonov"]
[Date "2012.10.26"]
[Round "8"]
[White "Charvat, Jiri"]
[Black "Sebo, Igor"]
[Result "1/2-1/2"]
[WhiteElo "1804"]
[BlackElo "1691"]
[PlyCount "29"]
[EventDate "2012.10.20"]
[EventType "swiss"]
[EventRounds "9"]
[EventCountry "CZE"]
[SourceTitle "CBM 151 Extra"]
[Source "ChessBase"]
[SourceDate "2012.12.18"]
[SourceVersion "1"]
[SourceVersionDate "2012.12.18"]
[SourceQuality "1"]

1. e4 e5 2. Nf3 Nc6 3. Bb5 a6 4. Ba4 Nf6 5. 0-0 Be7 6. Re1 b5 7. Bb3 d6 8. c3 0-0 9. h3 Na5 10. Bc2 c5 11. d4 Qc7 12. Nbd2 Re8 13. Nf1 Bd7 14. Ng3 Bf8 15. d5 1/2-1/2

[Event "Hrdonov Fontana op"]
[Site "Hrdonov"]
[Date "2012.10.20"]
[Round "1"]
[White "Lochman, Vaclav"]
[Black "Charvat, Jiri"]
[Result "1/2-1/2"]
[WhiteElo "2026"]
[BlackElo "1804"]
[PlyCount "63"]
[EventDate "2012.10.20"]
[EventType "swiss"]
[EventRounds "9"]
[EventCountry "CZE"]
[SourceTitle "CBM 151 Extra"]
[Source "ChessBase"]
[SourceDate "2012.12.18"]
[SourceVersion "1"]
[SourceVersionDate "2012.12.18"]
[SourceQuality "1"]

1. e4 e6 2. d4 d5 3. Nd2 Nf6 4. e5 Nfd7 5. Ngf3 c5 6. c3 Nc6 7. Be2 Be7 8. 0-0 cxd4 9. cxd4 Nb6 10. a3 a5 11. Re1 Bd7 12. Nf1 a4 13. Bd2 Nc4 14. Bxc4 dxc4 15. Qc2 b5 16. Ne3 Na5 17. Bc3 Bc6 18. Nd2 Nb3 19. Nxb3 axb3 20. Qe2 Bd5 21. Qg4 0-0 22. f4 f5 23. exf6 Rxf6 24. f5 exf5 25. Nxf5 Rg6 26. Nxe7+ Qxe7 27. Qxg6 Qxe1+ 28. Rxe1 hxg6 29. Re7 Rf8 30. Rc7 Rf5 31. Rd7 Bf7 32. Rd8+ 1/2-1/2

[Event "CZE-chTW U20 1011"]
[Site "Czech Republic"]
[Date "2010.10.02"]
[Round "2.2"]
[White "Sroubova, Lenka"]
[Black "Charvat, Jiri"]
[Result "1/2-1/2"]
[WhiteElo "1873"]
[BlackElo "1657"]
[PlyCount "32"]
[EventDate "2010.10.02"]
[EventType "team-tourn"]
[EventRounds "11"]
[EventCountry "CZE"]
[SourceTitle "EXT 2012"]
[Source "ChessBase"]
[SourceDate "2011.11.24"]
[SourceVersion "1"]
[SourceVersionDate "2011.11.24"]
[SourceQuality "1"]
[WhiteTeam "Rychnov nad Kneznou (U20)"]
[BlackTeam "Praha Oaza (U20)"]
[WhiteTeamCountry "CZE"]
[BlackTeamCountry "CZE"]

1. d3 d5 2. g3 g6 3. Bg2 Bg7 4. Nf3 Nf6 5. 0-0 0-0 6. Nbd2 c6 7. e4 dxe4 8. dxe4 Bg4 9. Qe2 Nbd7 10. h3 Bxf3 11. Nxf3 e5 12. b3 Qc7 13. Bb2 Rfe8 14. Rad1 Rad8 15. Rd2 Rc8 16. h4 Bh6 1/2-1/2

[Event "CZE-ch U14"]
[Site "Sec u Chrudimi"]
[Date "2007.10.22"]
[Round "3"]
[White "Vachal, Pavel"]
[Black "Charvat, Jiri"]
[Result "1/2-1/2"]
[WhiteElo "1589"]
[BlackElo "1351"]
[PlyCount "38"]
[EventDate "2007.10.20"]
[EventType "swiss"]
[EventRounds "9"]
[EventCountry "CZE"]
[SourceTitle "EXT 2022"]
[Source "ChessBase"]
[SourceDate "2021.10.06"]
[SourceVersion "1"]
[SourceVersionDate "2021.10.06"]
[SourceQuality "1"]

1. e4 c5 2. Nc3 Nc6 3. f4 e6 4. Bc4 Nge7 5. e5 d5 6. exd6 Qxd6 7. d3 Nf5 8. Ne4 Qc7 9. Nf3 Be7 10. 0-0 b6 11. Qe1 Bb7 12. Ng3 Ncd4 13. Nxd4 Nxd4 14. Qf2 Bh4 15. c3 Bxg3 16. hxg3 Nf5 17. Bd2 0-0 18. Rae1 Rad8 19. g4 Ne7 1/2-1/2

[Event "CZE-ch U12"]
[Site "Zlate Hory"]
[Date "2006.03.12"]
[Round "2"]
[White "Charvat, Jiri"]
[Black "Balacek, Tadeas"]
[Result "0-1"]
[WhiteElo "1539"]
[BlackElo "1811"]
[PlyCount "60"]
[EventDate "2006.03.11"]
[EventType "swiss"]
[EventRounds "9"]
[EventCountry "CZE"]
[SourceTitle "EXT 2008"]
[Source "ChessBase"]
[SourceDate "2007.11.25"]
[SourceVersion "1"]
[SourceVersionDate "2007.11.25"]
[SourceQuality "1"]

1. e4 e6 2. d4 d5 3. e5 c5 4. c3 Nc6 5. Nf3 Qb6 6. Be2 Nge7 7. dxc5 Qxc5 8. Be3 Qa5 9. 0-0 Ng6 10. Bd4 Be7 11. Nbd2 0-0 12. Bd3 Bd7 13. Nb3 Qc7 14. Re1 Nxd4 15. cxd4 Rac8 16. Rc1 Qb6 17. Bxg6 hxg6 18. Re2 Ba4 19. Rec2 Bxb3 20. axb3 Qxb3 21. Nd2 Qa4 22. b3 Qd7 23. Rxc8 Rxc8 24. Ra1 a6 25. Qf3 Bb4 26. Nf1 Qc6 27. Qd1 Qc2 28. Qxc2 Rxc2 29. Rb1 Bc3 30. Rd1 Rb2 0-1

[Event "CZE-ch U12"]
[Site "Zlate Hory"]
[Date "2006.03.11"]
[Round "1"]
[White "Suchomel, Ales"]
[Black "Charvat, Jiri"]
[Result "0-1"]
[WhiteElo "1000"]
[BlackElo "1539"]
[PlyCount "56"]
[EventDate "2006.03.11"]
[EventType "swiss"]
[EventRounds "9"]
[EventCountry "CZE"]
[SourceTitle "EXT 2008"]
[Source "ChessBase"]
[SourceDate "2007.11.25"]
[SourceVersion "1"]
[SourceVersionDate "2007.11.25"]
[SourceQuality "1"]

1. e4 e5 2. Nf3 Nc6 3. d4 exd4 4. Nxd4 Bc5 5. Be3 Qf6 6. c3 Nge7 7. Bc4 0-0 8. 0-0 Ne5 9. Bb3 Qg6 10. Qc2 d6 11. Nd2 Bh3 12. g3 Bxf1 13. Kxf1 Ng4 14. Kg2 Nxe3+ 15. fxe3 Qg5 16. Qd3 Ng6 17. N2f3 Ne5 18. Nxe5 dxe5 19. Nc2 Rad8 20. Qe2 Rd6 21. Rf1 a6 22. Qc4 Qe7 23. Rf2 h6 24. Nb4 Bxe3 25. Rf5 c6 26. Nd3 b5 27. Qb4 c5 28. Qa3 Rxd3 0-1

[Event "CZE-ch U12"]
[Site "Sec u Chrudimi"]
[Date "2005.10.29"]
[Round "9"]
[White "Hornicek, Pavel"]
[Black "Charvat, Jiri"]
[Result "1/2-1/2"]
[WhiteElo "1262"]
[BlackElo "1567"]
[PlyCount "104"]
[EventDate "2005.10.22"]
[EventType "swiss"]
[EventRounds "9"]
[EventCountry "CZE"]
[SourceTitle "EXT 2008"]
[Source "ChessBase"]
[SourceDate "2007.11.25"]
[SourceVersion "1"]
[SourceVersionDate "2007.11.25"]
[SourceQuality "1"]

1. e4 e6 2. d4 d5 3. Nc3 Bb4 4. Bd3 Nc6 5. Nge2 Bxc3+ 6. Nxc3 Nxd4 7. exd5 exd5 8. Bxh7 Rxh7 9. Qxd4 Be6 10. 0-0 Qf6 11. Rd1 Qxd4 12. Rxd4 0-0-0 13. Bf4 Nf6 14. Rad1 c6 15. Bg5 Nd7 16. Rf4 f6 17. Bxf6 Nxf6 18. Re1 Re8 19. Rd4 Rhh8 20. Rd2 Bf5 21. Red1 Re7 22. Kf1 Rhe8 23. b4 Ne4 24. Nxe4 Rxe4 25. c3 Rc4 26. Rc1 Rd8 27. a3 d4 28. g4 Bg6 29. f4 Be4 30. Rcd1 Rxc3 31. Rxd4 Rxd4 32. Rxd4 Bd5 33. h4 Rc4 34. Rxc4 Bxc4+ 35. Kf2 Kd7 36. Ke3 Bd5 37. f5 Ke7 38. Kf4 Kf7 39. g5 g6 40. fxg6+ Kxg6 41. Kg4 b6 42. h5+ Kg7 43. Kf5 c5 44. bxc5 bxc5 45. Ke5 Bf7 46. Ke4 a6 47. Ke5 a5 48. Ke4 Kf8 49. g6 Ba2 50. h6 Kg8 51. Ke5 Bb1 52. Kd5 Bxg6 1/2-1/2

[Event "CZE-ch U12"]
[Site "Sec u Chrudimi"]
[Date "2005.10.26"]
[Round "6"]
[White "Marikova, Jana"]
[Black "Charvat, Jiri"]
[Result "1/2-1/2"]
[WhiteElo "1100"]
[BlackElo "1567"]
[PlyCount "146"]
[EventDate "2005.10.22"]
[EventType "swiss"]
[EventRounds "9"]
[EventCountry "CZE"]
[SourceTitle "EXT 2008"]
[Source "ChessBase"]
[SourceDate "2007.11.25"]
[SourceVersion "1"]
[SourceVersionDate "2007.11.25"]
[SourceQuality "1"]

1. d4 e6 2. c4 d5 3. Nc3 Bb4 4. Bd2 Bxc3 5. Bxc3 Nc6 6. Nf3 Nf6 7. cxd5 exd5 8. g3 0-0 9. Bg2 Ne4 10. Ne5 Qf6 11. Bxe4 dxe4 12. 0-0 Bh3 13. Re1 Qd6 14. e3 Qd5 15. Nxc6 Qxc6 16. Qh5 Qe6 17. Qg5 f6 18. Qc5 Rf7 19. Qh5 Bg4 20. Qb5 Bf3 21. Qf1 Rd8 22. a3 a6 23. Rac1 c6 24. Ba5 Rdd7 25. Qc4 Qf5 26. Bc3 h5 27. Qf1 h4 28. Rc2 Qe6 29. h3 g5 30. g4 Rh7 31. Bb4 f5 32. Qc4 Qxc4 33. Rxc4 fxg4 34. hxg4 Bxg4 35. Rc5 Rd5 36. Kh2 Rxc5 37. Bxc5 Bf3 38. Rg1 Rg7 39. Bd6 Kf7 40. Kh3 Rg6 41. Be5 Rg8 42. Bd6 Kg6 43. Bf4 Kh5 44. Be5 g4+ 45. Kh2 h3 46. Bg3 Kg5 47. Bf4+ Kf5 48. Bg3 Ke6 49. Rc1 Kd5 50. Rc5+ Ke6 51. Re5+ Kd7 52. b4 Re8 53. Rc5 b6 54. Rc1 Rf8 55. Rc2 Rf5 56. Be5 Bd1 57. Rd2 Bf3 58. Rc2 Rg5 59. Bg3 a5 60. Be5 axb4 61. axb4 Rg6 62. Rc1 Re6 63. Ra1 c5 64. Ra7+ Ke8 65. Ra8+ Kf7 66. bxc5 bxc5 67. Rc8 cxd4 68. Bxd4 Re8 69. Rxe8 Kxe8 70. Be5 Kd7 71. Kg3 Kc6 72. Kh4 Kd5 73. Bg3 Kc4 1/2-1/2

[Event "CZE-ch U12"]
[Site "Sec u Chrudimi"]
[Date "2005.10.23"]
[Round "2"]
[White "Krasny, Drahomir"]
[Black "Charvat, Jiri"]
[Result "0-1"]
[WhiteElo "1567"]
[BlackElo "1250"]
[PlyCount "85"]
[EventDate "2005.10.22"]
[EventType "swiss"]
[EventRounds "9"]
[EventCountry "CZE"]
[SourceTitle "EXT 2008"]
[Source "ChessBase"]
[SourceDate "2007.11.25"]
[SourceVersion "1"]
[SourceVersionDate "2007.11.25"]
[SourceQuality "1"]

1. e4 e5 2. Nf3 Nc6 3. d4 exd4 4. Nxd4 Bc5 5. Be3 Qf6 6. c3 d6 7. Bc4 Nge7 8. 0-0 0-0 9. Nc2 Bxe3 10. fxe3 Qg5 11. Nd2 Ng6 12. Nf3 Qe7 13. Nd2 Nce5 14. Be2 Nh4 15. Nf3 Nhxf3+ 16. Bxf3 Re8 17. Nb4 Be6 18. Nd5 Bxd5 19. exd5 Nc4 20. Qe2 Qxe3+ 21. Qxe3 Rxe3 22. b3 Nd2 23. Rf2 Nxf3+ 24. Rxf3 Rxf3 25. gxf3 Re8 26. Kf2 Re5 27. c4 f6 28. f4 Re7 29. Kf3 Kf7 30. h4 Kg6 31. Rd1 Kf5 32. Rd4 h6 33. a4 g5 34. hxg5 hxg5 35. fxg5 fxg5 36. Kf2 Re4 37. Rxe4 Kxe4 38. Ke2 g4 39. Kd2 g3 40. Ke2 Kd4 41. Kf3 Kc3 42. Kxg3 Kxb3 43. Kf3 0-1

[Event "CZE-ch U10a"]
[Site "Sec u Chrudimi"]
[Date "2004.03.13"]
[Round "9"]
[White "Charvat, Jiri"]
[Black "Boran, Ondrej"]
[Result "1/2-1/2"]
[WhiteElo "1306"]
[BlackElo "1310"]
[PlyCount "55"]
[EventDate "2004.03.06"]
[EventType "swiss"]
[EventRounds "9"]
[EventCountry "CZE"]
[SourceTitle "EXT 2009"]
[Source "ChessBase"]
[SourceDate "2008.11.26"]
[SourceVersion "1"]
[SourceVersionDate "2008.11.26"]
[SourceQuality "1"]

1. e4 c5 2. Nf3 e6 3. d4 cxd4 4. Nxd4 Nf6 5. Nc3 Nc6 6. Bg5 Bb4 7. Nf3 0-0 8. e5 Qa5 9. exf6 Bxc3+ 10. bxc3 Qxc3+ 11. Bd2 Qxf6 12. Bd3 Ne5 13. 0-0 Nxd3 14. cxd3 b6 15. Bg5 Qg6 16. Bf4 Bb7 17. Bg3 f6 18. h3 Rac8 19. Qe2 Ba6 20. Rfd1 Rc3 21. Ne1 Rfc8 22. Qg4 Qxg4 23. hxg4 Ra3 24. f3 e5 25. Kf2 Rcc3 26. Ke3 d5 27. Bf2 d4+ 28. Ke2 1/2-1/2

[Event "CZE-ch U10a"]
[Site "Sec u Chrudimi"]
[Date "2004.03.12"]
[Round "8"]
[White "Charvat, Jiri"]
[Black "Braun, Marek"]
[Result "1/2-1/2"]
[WhiteElo "1306"]
[BlackElo "1505"]
[PlyCount "55"]
[EventDate "2004.03.06"]
[EventType "swiss"]
[EventRounds "9"]
[EventCountry "CZE"]
[SourceTitle "EXT 2009"]
[Source "ChessBase"]
[SourceDate "2008.11.26"]
[SourceVersion "1"]
[SourceVersionDate "2008.11.26"]
[SourceQuality "1"]

1. e4 c5 2. Nf3 d6 3. d4 cxd4 4. Qxd4 Nc6 5. Bb5 Bd7 6. Bxc6 Bxc6 7. Nc3 Nf6 8. Be3 e6 9. Bg5 Be7 10. Bxf6 Bxf6 11. Qd2 0-0 12. Nd4 h6 13. 0-0-0 d5 14. Rhe1 Qc7 15. g3 Rfd8 16. exd5 Bxd5 17. Nxd5 Rxd5 18. Qb4 Rc8 19. Re2 Rcd8 20. Red2 a5 21. Qa4 Qc5 22. c3 Qe7 23. Nb3 Rxd2 24. Rxd2 Rxd2 25. Nxd2 Qc7 26. Ne4 Bd8 27. Qb5 b6 28. Kc2 1/2-1/2

[Event "CZE-ch U10a"]
[Site "Sec u Chrudimi"]
[Date "2004.03.06"]
[Round "1"]
[White "Charvat, Jiri"]
[Black "Zvara, David"]
[Result "1-0"]
[WhiteElo "1306"]
[BlackElo "1250"]
[PlyCount "49"]
[EventDate "2004.03.06"]
[EventType "swiss"]
[EventRounds "9"]
[EventCountry "CZE"]
[SourceTitle "EXT 2009"]
[Source "ChessBase"]
[SourceDate "2008.11.26"]
[SourceVersion "1"]
[SourceVersionDate "2008.11.26"]
[SourceQuality "1"]

1. e4 e5 2. Nf3 Nf6 3. Nc3 Nc6 4. d4 exd4 5. Nxd4 Bc5 6. Be3 0-0 7. Nxc6 dxc6 8. Qxd8 Rxd8 9. Bxc5 Be6 10. Bd3 b6 11. Be7 Rd7 12. Bxf6 gxf6 13. 0-0 Rad8 14. Rfd1 Bg4 15. f3 Bh5 16. Bc4 Bg6 17. Rxd7 Rxd7 18. Rd1 Re7 19. Rd8+ Kg7 20. Ba6 c5 21. Nb5 c6 22. Nd6 Re6 23. Bb7 Re7 24. Bxc6 Rc7 25. Ne8+ 1-0

[Event "CZE-ch U12"]
[Site "Volyne"]
[Date "2003.??.??"]
[Round "?"]
[White "Charvat, Jiri"]
[Black "Turek, Tomas"]
[Result "1-0"]
[WhiteElo "1309"]
[BlackElo "1256"]
[PlyCount "51"]
[EventDate "2003.??.??"]
[EventType "swiss"]
[EventRounds "9"]
[EventCountry "CZE"]
[SourceTitle "EXT 2005"]
[Source "ChessBase"]
[SourceDate "2004.11.15"]
[SourceVersion "1"]
[SourceVersionDate "2004.11.15"]
[SourceQuality "1"]

1. e4 e6 2. d4 d5 3. e5 f6 4. Nf3 Nc6 5. Bb5 Bd7 6. Bxc6 Bxc6 7. 0-0 Bb5 8. Re1 c5 9. Nc3 Bc6 10. exf6 Qxf6 11. Bg5 Qg6 12. Bf4 cxd4 13. Nxd4 Bd7 14. Nxd5 0-0-0 15. Nc3 Bc6 16. g3 Bc5 17. Be5 Qh6 18. Nce2 Bf3 19. c3 g5 20. Bxh8 Nf6 21. Bxf6 Qxf6 22. Qc1 Bxe2 23. Rxe2 Kb8 24. Nxe6 Re8 25. Qe1 Qf3 26. Nd4 1-0